000 02351nam a22005537a 4500
003 CHAP
005 20220329134121.0
008 971013s1972 r 00010 d
010 _a15644
011 _a16616
035 _a20698
040 _cCHAP
082 _a591.03
_bG7
245 _aGrzimek's animal life encyclopedia
260 _aNew York :
_bVan Nostrand Reinhold,
_c1972-75
300 _a13 v.
_b: ilus
505 _aContenido: v.1 Lower animals.- v.2 Insects.- v.3 Mollusks and echinoderms.- v.4 Fishes I.- v.5 Fishes II and amphibia.- v.6 Reptiles.- v.7 Birds I.- v.8 Birds II.- v.9 Birds III.- v.10 Mammals I.- v.11 Mammals II.- v.12 Mammals III.- v.13 Mammals IV.-
590 _aBATCH-UPD
_b10
_c20130109
_lUCH01
_h2330
590 _aBATCH-UPD
_b10
_c20130110
_lUCH01
_h1126
590 _aBATCH-UPD
_b10
_c20130409
_lUCH01
_h1855
590 _aBATCH-UPD
_b10
_c20130410
_lUCH01
_h0716
590 _aBATCH-UPD
_b10
_c20130914
_lUCH01
_h0546
590 _aCONVERSION
_b10
_c20130109
_lUCH01
_h1310
650 1 4 _aAves
_98590
650 1 4 _aBatracios.
_910813
650 1 4 _aInsectos.
_958888
650 1 4 _aMamĂ­feros.
_970236
650 1 4 _aMoluscos.
_977447
650 1 4 _aPeces.
_986441
650 1 4 _aReptiles.
_996036
650 1 4 _aVida silvestre.
_9119155
650 1 4 _aZoologĂ­a
_xDiccionarios.
_9124166
700 0 _aGrzimek, Bernhard.
_950926
901 _aBK
942 _cLIBRO
949 _a591.03 G7
_bBC
_cC
_d33724000497855
_eC
_fv.9
_h50967
_i20698
_si
949 _a591.03 G7
_bBC
_cC
_d33724000497863
_eC
_fv.6
_h50964
_i20698
_si
949 _a591.03 G7
_bBC
_cC
_d33724000497871
_eC
_fv.3
_h50961
_i20698
_si
949 _a591.03 G7
_bBC
_cC
_d33724000497905
_eC
_fv.12
_h50970
_i20698
_si
949 _a591.03 G7
_bBC
_cC
_d33724000497947
_eC
_fv.8
_h50966
_i20698
_si
949 _a591.03 G7
_bBC
_cC
_d33724000497954
_eC
_fv.10
_h50968
_i20698
_si
949 _a591.03 G7
_bBC
_cC
_d33724000832499
_eC
_fv.13
_h50971
_i20698
_sb
949 _a591.03 G7
_bBC
_cC
_d33724000901369
_eC
_fv.5
_h50963
_i20698
_si
949 _a591.03 G7
_bBC
_cC
_d33724000920161
_eC
_fv.4
_h50962
_i20698
_si
949 _a591.03 G7
_bBC
_cC
_d33724000940037
_eC
_fv.2
_h50960
_i20698
_si
949 _a591.03 G7
_bBC
_cC
_d33724002201538
_eC
_fv.1
_h50959
_i20698
_si
949 _a591.03 G7
_bBC
_cMUT
_d-48826
_eMUT
_fv.7
_h50965
_i20698
_si
949 _a591.03 G7
_bBC
_cMUT
_d-48832
_eMUT
_fv.11
_h50969
_i20698
_si
999 _c15644
_d15644